Children and families in the social environment / (Record no. 7595)

MARC details
000 -CABECERA
campo de control de longitud fija 00749nam a2200241 a 4500
005 - FECHA Y HORA DE LA ÚLTIMA TRANSACCIÓN
campo de control 20240925064107.0
008 - ELEMENTOS DE LONGITUD FIJA--INFORMACIÓN GENERAL
campo de control de longitud fija 991125c1982 new 000 0 eng u
020 ## - NÚMERO INTERNACIONAL NORMALIZADO PARA LIBROS
Número Internacional Estándar del Libro 0202360296
035 ## - NÚMERO DE CONTROL DEL SISTEMA
Número de control de sistema UPN01000007595
040 ## - FUENTE DE LA CATALOGACIÓN
Centro catalogador/agencia de origen UPN
Lengua de catalogación spa
Centro/agencia transcriptor UPN
049 ## - COLECCIÓN
Colección CG
050 #4 - SIGNATURA TOPOGRÁFICA DE LA BIBLIOTECA DEL CONGRESO
Número de clasificación BF723 P25
Número de documento/Ítem G32 1982
100 1# - ASIENTO PRINCIPAL--NOMBRE PERSONAL
Nombre de persona Garbarino, James
245 10 - MENCIÓN DE TÍTULO
Título Children and families in the social environment /
Mención de responsabilidad, etc. James Garbarino ; with Robert H. Abramowitz ... [et al.].
260 ## - PUBLICACIÓN, DISTRIBUCIÓN, ETC.
Lugar de publicación, distribución, etc. New York :
Nombre del editor, distribuidor, etc. Aldine,
Fecha de publicación, distribución, etc. 1982.
300 ## - DESCRIPCIÓN FÍSICA
Extensión 296 p.
650 #4 - ASIENTO SECUNDARIO DE MATERIA - TERMINO TEMATICO
Término de materia o nombre geográfico como elemento de entrada Familias
Subdivisión general Aspectos sociales
9 (RLIN) 12049
650 #4 - ASIENTO SECUNDARIO DE MATERIA - TERMINO TEMATICO
Término de materia o nombre geográfico como elemento de entrada Niño, Estudio del
9 (RLIN) 221
650 #4 - ASIENTO SECUNDARIO DE MATERIA - TERMINO TEMATICO
Término de materia o nombre geográfico como elemento de entrada Niños
Subdivisión general Beneficencia, protección, etc.
9 (RLIN) 25
700 1# - ASIENTO SECUNDARIO--NOMBRE DE PERSONAL
Nombre de persona Abramowitz, Robert H.,
Término indicativo de función/relación colab.
905 ## - TIPO DE MATERIAL
Tipo de material Libro
942 ## - ELEMENTOS DE PUNTO DE ACCESO ADICIONAL (KOHA)
Fuente del sistema de clasificación o colocación Library of Congress Classification
Tipo de ítem Koha Libro
Holdings
Estado de retiro Estado de pérdida Fuente del sistema de clasificación o colocación Estado dañado No para préstamo Código de colección Localización permanente Ubicación/localización actual Ubicación en estantería Fecha de adquisición Clasificación Código de barras Fecha visto por última vez Tipo de ítem Koha Nota pública
    Library of Congress Classification     Colección General Bib. Gregorio Torres Quintero Bib. Gregorio Torres Quintero Planta baja 21/08/2024 BF723 P25 G32 1982 72159 31/12/2020 Libro Ejemplar con sello del Sistema de Bibliotecas para la Formación y Actualización Docentes